مكتبة جامعة عجلون الوطنية

فهرس بحث المكتبة

Normal view MARC view
  • عبد الهادي، بسام احمد زكي، م مشارك زياد الكسواني

Entry Personal Name

Number of records used in: 1

001 - CONTROL NUMBER

  • control field: 50561

003 - CONTROL NUMBER IDENTIFIER

  • control field: JO-AjAnu

005 - DATE AND TIME OF LATEST TRANSACTION

  • control field: 20230606082326.0

008 - FIXED-LENGTH DATA ELEMENTS

  • fixed length control field: 230606|| aca||aabn | a|a d

040 ## - CATALOGING SOURCE

  • Original cataloging agency: JO-AjAnu
  • Transcribing agency: JO-AjAnu

100 ## - HEADING--PERSONAL NAME

  • Personal name: عبد الهادي، بسام احمد زكي، م مشارك زياد الكسواني

670 ## - SOURCE DATA FOUND

  • Source citation: Work cat.: (JO-AjAnu)25848: عبد الهادي، بسام احمد زكي، م مشارك زياد الكسواني , author, GISخطوة بخطوة